000
00318nam a2200121Ia 4500
008
220204s9999 xx 000 0 und d
082
_a
621.317
_b
CHA
100
_a
Charkey, Edward S
245
0
_a
Electromechanical system components
260
_a
New York
_b
John Wiley
_c
1972
650
_a
Electromechanics
942
_c
BK
999
_c
22382
_d
22382